Movies Quiz

Random Movies or Blitz Quiz

Blitz: Possessive Movie Titles Quiz Stats

 Plays Quiz Updated Dec 29, 2017

Challenge
Share
Tweet
Embed
Score 0/36 Timer 04:00
0 Plays Today
Person Object % Correct
Schindler'sList
93.8%
Ocean'sEleven
92.8%
A Knight'sTale
91.8%
Wayne'sWorld
91.5%
Dante'sPeak
88.4%
Big Momma'sHouse
86%
St. Elmo'sFire
85.9%
Sophie'sChoice
81.2%
Jacob'sLadder
76%
The Razor's Edge
75.4%
Monster'sBall
70.9%
Pan'sLabyrinth
69.8%
Angela'sAshes
67.4%
Logan'sRun
64.5%
The Emperor'sClub
64.1%
Heaven's Gate
61.1%
McHale'sNavy
57.8%
Captain Corelli'sMandolin
56.6%
Person Object % Correct
Prizzi'sHonor
54.5%
Lorenzo'sOil
51.3%
The General'sDaughter
49.6%
Adam'sRib
48.1%
Jennifer's Body
47.5%
Winter'sBone
45.5%
Kelly'sHeroes
42.3%
Hell'sAngels
40.8%
Miller'sCrossing
40.2%
Ulee'sGold
38.5%
Nim'sIsland
31.4%
Finian'sRainbow
30.7%
Babette'sFeast
23.8%
Sullivan'sTravels
22.4%
America'sSweethearts
22.4%
Cassandra'sDream
15.9%
Goya'sGhosts
7.4%
Sarah'sKey
7.2%

You're not logged in!

Compare scores with friends on all Sporcle quizzes.
OR
Log In

You Might Also Like...

Show Comments

Extras

Top Quizzes Today


Score Distribution

Your Account Isn't Verified!

In order to create a playlist on Sporcle, you need to verify the email address you used during registration. Go to your Sporcle Settings to finish the process.

Report this User

Report this user for behavior that violates our Community Guidelines.

Details: